Taller: Area de manejo
Saved in:
| Institution som forfatter: | |
|---|---|
| Format: | Bog |
| Sprog: | spansk |
| Udgivet: |
Valparaíso
Universidad Católica de Valparaíso
1993
Valparaíso Servicio Nacional de Pesca 1993 |
| Fag: | |
| Tags: |
Tilføj Tag
Ingen Tags, Vær først til at tagge denne postø!
|
MARC
| LEADER | 00000nam a2200000 a 4500 | ||
|---|---|---|---|
| 001 | UCY8390 | ||
| 003 | CL-VaPUC | ||
| 008 | 950703e19931100CL |||||||||||||||||spa|d | ||
| 082 | 0 | 4 | |a 343.83 |b CON |2 21 |
| 110 | 2 | |a Consejo Regional de Pesca, V Región |e author |9 339706 | |
| 245 | 1 | 0 | |a Taller: Area de manejo |
| 300 | |a 101 p | ||
| 942 | |c BK | ||
| 945 | |d 19950703 00:00:00 |a awong | ||
| 260 | |a Valparaíso |b Universidad Católica de Valparaíso |c 1993 | ||
| 260 | |a Valparaíso |b Servicio Nacional de Pesca |c 1993 | ||
| 650 | 0 | |a Áreas de manejo |9 339707 | |
| 650 | 0 | |a Recursos pesqueros |9 255431 | |
| 650 | 7 | |a EXPLOTACION PESQUERA |2 CL-VaPUC |9 262330 | |
| 650 | 0 | |a Pesca |9 258707 | |
| 650 | 7 | |a RECURSOS BENTONICOS |2 CL-VaPUC |9 339708 | |
| 650 | 7 | |a LEGISLACION |2 CL-VaPUC |9 339709 | |
| 650 | 0 | |a Pesca artesanal |9 261256 | |
| 651 | 7 | |a CHILE |2 CL-VaPUC |9 339710 | |
| 583 | |a last modification |c 20120902 08:37:19 |k Rodrigo Vera | ||
| 999 | |c 235649 |d 235647 | ||